MARC

LEADER 00000nam0a2200000 4500
001 304057
005 20231102001650.0
020 |a RU  |b 83-23324 
035 |a (RuTPU)RU\TPU\book\329292 
090 |a 304057 
100 |a 20150909d1983 k y0rusy5003 ca 
101 0 |a rus 
102 |a RU 
105 |a y z 001zy 
200 1 |a Нелинейные модели многокомпонентной диффузии  |f В. К. Егерев, И. А. Зайденман, Ф. И. Кукоз  |g Новочеркасский политехнический институт им. Серго Орджоникидзе (НПИ) 
210 |a Ростов н/Д  |c Изд-во Рост. ун-та  |d 1983 
215 |a 154 с. 
320 |a Библиогр.: с. 142-152 
606 1 |a Диффузия  |x Математические исследования  |2 stltpush  |3 (RuTPU)RU\TPU\subj\9748  |9 36925 
610 1 |a нелинейные модели 
610 1 |a физико-химические системы 
610 1 |a затухающие колебания 
610 1 |a замкнутые объемы 
610 1 |a краевые задачи 
610 1 |a решение 
675 |a 519.217  |z rus  |v 4 
700 1 |a Егерев  |b В. К.  |4 070 
701 1 |a Зайденман  |b И. А. 
701 1 |a Кукоз  |b Ф. И, 
712 0 2 |a Новочеркасский политехнический институт им. Серго Орджоникидзе (НПИ)  |c (1948-1993)  |2 stltpush  |3 (RuTPU)RU\TPU\col\227 
801 0 |a RU  |b RuMRKP  |c 19950704  |g psbo 
801 1 |a RU  |b 63413507  |c 20150909 
801 2 |a RU  |b 63413507  |c 20171002  |g RCR 
942 |c BK